[Event "73rd Tata Steel GMB"]
[Site "Wijk aan Zee NED"]
[Date "2011.01.26"]
[Round "10"]
[White "McShane, L."]
[Black "Efimenko, Z."]
[Result "0-1"]
[WhiteElo "2664"]
[BlackElo "2701"]
[PlyCount "96"]
[EventDate "2011.01.14"]

1. g3 e5 2. c4 Nc6 3. Nc3 g6 4. Bg2 Bg7 5. e4 d6 6. Nge2 h5 7. h3 Be6 8. d3 Nh6
9. Nd5 f5 10. h4 Nf7 11. Be3 O-O 12. Qd2 a6 13. Rc1 Qd7 14. O-O a5 15. b3 Kh7
16. a3 Nh6 17. Bg5 Ng4 18. Rce1 Nd8 19. f3 Nh6 20. exf5 gxf5 21. d4 Nc6 22. Rd1
Bxd5 23. cxd5 Nxd4 24. Nxd4 exd4 25. Rfe1 Rae8 26. Bf1 Nf7 27. f4 Re4 28. Bd3
Rfe8 29. Kf2 Nh6 30. Bxh6 Kxh6 31. Qxa5 Bf6 32. Rc1 Qg7 33. Qd2 Re3 34. Rg1 Rg8
35. Bxf5 Rxg3 36. Bg6 Bxh4 37. f5+ Re3+ 38. Kg2 Qe5 39. Kh1 Qf4 40. Qh2 Qe4+
41. Rg2 d3 42. Rcg1 d2 43. f6 Rxg6 44. Qf4+ Bg5 45. Qxe4 Rxe4 46. f7 Rh4+ 47.
Rh2 Rxh2+ 48. Kxh2 Rf6 0-1